00367nam a2200097Ia 4500008004100000245011100041245002000152260000900172650004000181856004800221171204s9999 xx 000 0 und d aPeople Analytics in the Era of Big Data: Changing the Way You Attract, Acquire, Develop, and Retain Talent cJean Paul Isson c2016 xBUSINESS INTELLIGENCE AND ANALYTICS uhttp://down.ebook777.com/040/1119050782.pdf